Komando kepada Angkatan 45 : (Record no. 59761)
[ view plain ]
| 000 -LEADER | |
|---|---|
| fixed length control field | 00665cam a22002171 4500 |
| 001 - CONTROL NUMBER | |
| control field | sa 64006546 |
| 003 - CONTROL NUMBER IDENTIFIER | |
| control field | DLC |
| 005 - DATE AND TIME OF LATEST TRANSACTION | |
| control field | 20260227112040.0 |
| 008 - FIXED-LENGTH DATA ELEMENTS--GENERAL INFORMATION | |
| fixed length control field | 850515s1960 io f000 0 ind |
| 010 ## - LIBRARY OF CONGRESS CONTROL NUMBER | |
| LC control number | sa 64006546 |
| 035 ## - SYSTEM CONTROL NUMBER | |
| System control number | (OCoLC)12039386 |
| 040 ## - CATALOGING SOURCE | |
| Original cataloging agency | DLC |
| Transcribing agency | IDeKN |
| Modifying agency | DLC |
| 042 ## - AUTHENTICATION CODE | |
| Authentication code | premarc |
| 043 ## - GEOGRAPHIC AREA CODE | |
| Geographic area code | a-io--- |
| 050 00 - LIBRARY OF CONGRESS CALL NUMBER | |
| Classification number | DS644 |
| Item number | .2 1960.S93 |
| 100 1# - MAIN ENTRY--PERSONAL NAME | |
| Personal name | Soekarno, |
| Dates associated with a name | 1901-1970. |
| 245 10 - TITLE STATEMENT | |
| Title | Komando kepada Angkatan 45 : |
| Remainder of title | diutjapkan pada pembukaan Musjawarah Besar Angkatan 45 Seluruh Indonesia, tanggal 15 Maret 1960. |
| 260 ## - PUBLICATION, DISTRIBUTION, ETC. | |
| Place of publication, distribution, etc. | Djakarta : |
| Name of publisher, distributor, etc. | Departemen Penerangan, |
| Date of publication, distribution, etc. | 1960. |
| 300 ## - PHYSICAL DESCRIPTION | |
| Extent | 17 p. ; |
| Dimensions | 21 cm. |
| 440 #0 - SERIES STATEMENT/ADDED ENTRY--TITLE | |
| Title | Penerbitan chusus ; |
| Volume/sequential designation | 98 |
No items available.